01487nam a2200349 a 4500001001000000003000500010005001700015008004100032010001100073011001100084040000900095090001000104100003400114245017500148260004100323500006000364502007400424590004100498590004000539590004000579650004600619650002000665650002900685650003500714856007000749901000700819942001000826942000600836999001900842952013600861952014000997000111995CHAP20220329144241.0151113s2015 mx a |sm |||||||spa d a108456 a109428 cCHAP aTesis1 aMorales Romero, Edgar912999610aEstudio técnico justificativo para CUSTF la ejecución del proyecto sistema de agua potable el Acayo, en Pinal de Amoles, Qro.h[En línea]cpor Edgar Morales Romero. aChapingo, Méx. :bEl autor,c2015. aPara ver el contenido del material haga clic en la liga aTesis (Ingeniero Forestal) -- UACH. División de Ciencias Forestales aE11695DGDb10c20151114lUCH01h1218 aE5652GLJb05c20151113lUCH01h1026 aE5652GLJb05c20151113lUCH01h102714aAguaxAprovechamientoxQuerétaro.9230114aCuencas.93008514aDesforestación.93213114aSuelosxDegradación.9110336 aFinding aiduhttp://10.13.5.2/tesis/sist111995.pdfzTeclea aquí aBK cTESIS n0 c108456d108456 00104054718TESISaBCbBCd2015-11-13fTESISl0otesisp33724002510470r2019-12-31 00:00:00w2019-12-31yTESISzRecien adquirido 00102local4053708TESISaBCbBCcPA_TESISd2015-11-13fTESISl0otesisp33724002510512r2019-12-31 00:00:00tc.2w2019-12-31yTESIS